Capitales del mundo más cercanas a Mascate - Estadísticas

Estadísticas generales
  • Esta prueba ha sido intentada 37 veces
  • La puntuación promedio es 15 de 20
Estadísticas de respuestas
km capital % Correcto
1816 Islamabad
100%
1191 Riad
100%
719 Doha
96%
1503 Teherán
96%
1954 Nueva Delhi
93%
418 Abu Dhabi
89%
1217 Kuwait
89%
1747 Saná
89%
1740 Bagdad
86%
1602 Kabul
79%
2392 Amán
75%
840 Manama
75%
2098 Yibuti
71%
1595 Asjabad
61%
2233 Asmara
54%
2030 Bakú
50%
2210 Taskent
50%
2374 Tiflis
50%
2257 Ereván
46%
1927 Dusambé
43%
No se encontraron pruebas coincidentes
Distribución de puntuación
Porcentaje de gente con cada puntuación
Porcentaje por número respondido
Historial de tus puntuaciones
No has intentado esta prueba.